000 00312nam a2200133Ia 4500
005 20260328104318.0
008 260328s9999||||xx |||||||||||||| ||und||
100 _aWines, James
245 0 _aGreen Architecture /
_cJames Wines
260 _bTaschen
300 _a240 p.
650 _aBIOCLIMATISMO
942 _cBK
999 _c11258
_d11258